000 00522nam a2200169 i 4500
001 23787
003 ES-MaACL
005 20230906152932.0
007 t|
008 021212s1886 fr ||||1| fre d
100 1 _aAnderson, R. B.
_921464
245 1 0 _aMythologie scandinave
_b: leyendes des adas /
_cR. B. Anderson ; traduction de M. Jules Leclerc.
260 _aAngers :
_b[s.n.,
_c1886] (
_fImp. Burdín et C.)
300 _aX, 293 p. ;
_c17 x 11 cm.
700 1 _aLeclerc, Jules.
_971087
852 _aES-MaACL
_jD-2444
999 _c23787
_d23787